000 00507nam a2200169 a 4500
005 20140310183435.0
008 080130s19uu xx 00 eng d
020 _a817391947X
050 _aG 156.5.H47
_b.D997 2007
245 _aDynamics of historical, cultural, and heritage tourism /
_cedited by Ratandeep Singh.
260 _aNew Delhi, India :
_bKanishka Publishers,
_c2007.
300 _a446 p. :
_c22 cm.
521 _aTOU
650 _aHeritage tourism.
942 _cBK
_2lcc
_kFOR
999 _c22846
_d22846